| 000 | 01189cam a22003497a 4500 | ||
|---|---|---|---|
| 003 | CHAP | ||
| 005 | 20220817043825.0 | ||
| 008 | 010926s2000 mx r 00010 spa d | ||
| 010 | _a85423 | ||
| 011 | _a86395 | ||
| 020 | _a0632048239 (v.2) | ||
| 035 | _a96933 | ||
| 040 | _cCHAP | ||
| 082 | 0 | 4 |
_a634.928 _bE8 |
| 100 | 0 | 0 |
_aEvans, Julian. _938946 |
| 245 | 1 | 4 |
_aThe forests handbook _c/ed. by Julian Evans |
| 260 |
_aOsney Mead, Oxford : _bBlackwell Science, _c2001. |
||
| 300 |
_a382 p. : _bilus. |
||
| 500 | _ala biblioteca tiene : v.2 | ||
| 505 | 0 | _aContenido : v.1 An overview of forest science - v.2 Applying forest science for sustainable management | |
| 590 |
_aBATCH-UPD _b10 _c20130110 _lUCH01 _h0902 |
||
| 590 |
_aBATCH-UPD _b10 _c20130410 _lUCH01 _h0530 |
||
| 590 |
_aBATCH-UPD _b10 _c20130913 _lUCH01 _h2222 |
||
| 590 |
_aCONVERSION _b10 _c20130109 _lUCH01 _h1347 |
||
| 650 | 0 | 4 | _aAgricultura sustentable. |
| 650 | 0 | 4 |
_aBosques _xAdministración. _914003 |
| 650 | 0 | 4 |
_aSilvicultura sustentable. _9106136 |
| 901 | _aBK | ||
| 905 | _aAlejandra Carrasco M. | ||
| 942 | _cLIBRO | ||
| 949 |
_a634.928 E8 _bBC _cLIBRO _d33724000862173 _eLIBRO _h102187 _i96933 _kI.213429 _si _t$ 1 990.00 |
||
| 999 |
_c85423 _d85423 |
||